000 00582nam a2200193 i 4500
001 188517
003 ES-MaACL
005 20250910213031.0
008 181212s1967 sp |||| | spa d
100 1 _aFerres, Antonio,
_d1924-
_950559
245 1 4 _aMirada sobre Madrid /
_cAntonio Ferres.
260 _aMadrid :
_bPenínsula,
_c1967.
300 _a132 p. ;
_c18 cm.
490 1 _aColección Ibérica ;
_v15
651 4 _aMadrid-
_xDescripción.
_98952
830 0 _aColección ibérica (Península)
_v15
_9179423
852 _aES-MaACL
_jP-137-bis-12
999 _c188517
_d188517